[Event "Jersey Masters 2013"]
[Site "St Clement Bay JCI"]
[Date "2013.03.10"]
[Round "8"]
[White "Krasenkow,M"]
[Black "House,Glenn L"]
[Result "1-0"]
[WhiteElo "2643"]
[BlackElo "2216"]

1.Nf3 e6 2.c4 Nf6 3.Nc3 c5 4.e4 d6 5.d4 cxd4 6.Nxd4 a6 7.g4 h6 8.g5 hxg5
9.Bxg5 Nc6 10.Qd2 Bd7 11.Nf3 Rc8 12.O-O-O Qc7 13.Kb1 Ne5 14.Nxe5 dxe5 15.h4 Bc6
16.Bg2 Bb4 17.Bxf6 gxf6 18.Qe3 Qe7 19.a3 Bc5 20.Qg3 Qf8 21.f3 Rg8 22.Qh2 Qg7
23.Bh3 Bd4 24.Ne2 Bb6 25.Ka2 Qh6 26.Bg4 Ke7 27.Nc3 Rgd8 28.h5 Bd4 29.Qc2 b5
30.Qb3 bxc4 31.Qxc4 Kf8 32.Qb4+ Kg7 33.Rd3 Rb8 34.Qa5 Rdc8 35.Rb1 Bb5 36.Nxb5 axb5
37.Qb4 Kg8 38.Rb3 Bc5 39.Qe1 b4 40.Rc1 bxa3 41.Rxc5 axb2 42.Rxc8+ Rxc8 43.Rxb2 Qf4
44.Qd2 Qg3 45.Qg2 Qxg2 46.Rxg2 Kh7 47.Rd2 Kh6 48.Rd7 Rf8 49.Kb3 Kg5 50.Kc2 f5
51.exf5 exf5 52.Bh3 Kxh5 53.Kd2 Kg5 54.Ke3 Rh8 55.Bf1 Rh1 56.Be2 f6 57.Rg7+ Kh6
58.Rg8 Ra1 59.Bd3 Ra3 60.Ke2 Ra2+ 61.Ke3 Ra3 62.Rg1 Kh5 63.Kd2 Ra2+ 64.Bc2 Kh6
65.Kc3 Ra3+ 66.Bb3 Ra6 67.Kc4 Rd6 68.Kc5 Rd4 69.Bd5 Kh5 70.Kd6 Kh4 71.Ke6 e4
72.fxe4 fxe4 73.Re1 f5 74.Ke5 Rd2 75.Be6 Kg3 76.Kxf5 Rd4 77.Re3+ Kf2 78.Kf4 Rd3
79.Rxe4 Rf3+ 80.Kg5 Re3 81.Rf4+ Rf3 82.Ra4 Rc3 83.Bf5 Rb3 84.Kf4 Rb2 85.Ra3 Ke1
86.Be4 Rc2 87.Bf3 Rb2 88.Rd3 Kf2 89.Be4 Rb4 90.Rd2+ Ke1 91.Ra2 Rb3 92.Bf3 Rb4+
93.Kg3 Rb3 94.Re2+ Kf1 95.Re8 Ra3 96.Rd8 Re3 97.Rd2 Re7 98.Rh2 Rg7+ 99.Bg4 Ke1
100.Re2+ Kf1 101.Re8 Rc7 102.Bh3+  1-0

[Event "UTD Turner GM Invitational 2013"]
[Site "Richardson USA"]
[Date "2013.03.11"]
[Round "5"]
[White "Moradiabadi,E"]
[Black "Hambleton,A"]
[Result "1-0"]
[WhiteElo "2565"]
[BlackElo "2463"]

1.Nf3 Nf6 2.c4 c5 3.Nc3 b6 4.e3 e6 5.d4 cxd4 6.exd4 Bb7 7.Bg5 Be7 8.d5 Nxd5
9.Nxd5 Bxg5 10.Nxg5 Qxg5 11.Nc7+ Ke7 12.Nxa8 Bxa8 13.h4 Qe5+ 14.Qe2 Qa5+
15.Qd2 Qe5+ 16.Kd1 h6 17.Rh3 Na6 18.Qc3 Qf4 19.Ke1 Nc5 20.Rd1 Rg8 21.b4 Ne4
22.Qd4 Qc7 23.Re3 Nf6 24.g3 Rc8 25.Be2 Bb7 26.Rc1 Nd5 27.Ra3 Nxb4 28.Qxg7 Qc5
29.Rxa7 Bf3 30.Rxd7+ Kxd7 31.Qxf7+ Qe7 32.Qxf3 Kc7 33.Qf4+ e5 34.Qxh6 Rf8
35.Qe3 Na6 36.Rd1 Nc5 37.Rd5 e4 38.Kf1 Rf6 39.Kg1 Qf8 40.Qd4 Re6 41.Qe3 Rf6
42.a4 Nxa4 43.Qxe4 Rxf2 44.Qe5+ Kc6 45.Qe6+ Kb7 46.Rd7+ Ka6 47.c5+  1-0

[Event "UTD Turner GM Invitational 2013"]
[Site "Richardson USA"]
[Date "2013.03.11"]
[Round "7"]
[White "Li Zhichao"]
[Black "Hambleton,A"]
[Result "0-1"]
[WhiteElo "2145"]
[BlackElo "2463"]

1.Nf3 Nf6 2.c4 c5 3.Nc3 b6 4.g3 Bb7 5.Bg2 e6 6.O-O a6 7.d4 cxd4 8.Qxd4 d6
9.Rd1 Nbd7 10.b3 Qc7 11.Bb2 Be7 12.Rac1 O-O 13.Ne1 Bxg2 14.Nxg2 Rfd8 15.Ne4 Nc5
16.Nxf6+ Bxf6 17.Qd2 Bxb2 18.Qxb2 Qb7 19.Rd4 b5 20.Rg4 f5 21.Rd4 b4 22.Qd2 Qb6
23.Qe3 Re8 24.Rh4 Qc7 25.Qg5 Qe7 26.Qxe7 Rxe7 27.Rd4 Rd7 28.Rcd1 Rad8 29.f3 a5
30.Ne1 Kf7 31.Nd3 Nxd3 32.R4xd3 Ke7 33.e4 fxe4 34.fxe4 Kf6 35.Kf2 Ke5 36.Ke3 Rc7
37.a4 bxa3 38.Ra1 Rc5 39.Rxa3 g5 40.Ra1 Rf8 41.Rad1 g4 42.Ke2 Rb8 43.Rf1 a4
44.bxa4 Rxc4 45.Ra1 Rxe4+ 46.Kf1 Ra8 47.a5 Ra6 48.Rb3 Kf6 49.Kf2 Re5 50.Rba3 h5
51.Ra4 Ke7 52.Kg2 Rb5 53.h3 Rb2+ 54.Kg1 gxh3 55.Rh4 Rb5 56.Rha4 e5 57.Kh2 d5
58.Kxh3 e4 59.g4 hxg4+ 60.Kxg4 Kd6 61.Kf4 Rb3 62.R4a3 Rb8 63.Ke3 Ke5 64.Rh1 d4+
65.Kd2 Rb2+ 66.Kc1 Rf2 67.Rh5+ Rf5 68.Rxf5+ Kxf5 69.Kd2 Kf4 70.Ra4 d3 71.Ra1 Rd6
72.Rf1+ Ke5 73.Ke3 Rh6 74.Rf8 Rh3+ 75.Kd2 Rh2+ 76.Kc3 Rc2+ 77.Kb3 Rc6 78.Rd8 Rd6
79.Re8+ Kd4 80.Kb2 Rc6 81.a6 Rxa6 82.Kc1 Ke3  0-1

[Event "Karpos Open 2013"]
[Site "Skopje MKD"]
[Date "2013.03.11"]
[Round "4.65"]
[White "Zupe,M"]
[Black "Milanovic,Ma"]
[Result "1-0"]
[WhiteElo "2308"]
[BlackElo "1952"]

1.Nf3 Nf6 2.c4 c5 3.Nc3 e6 4.g3 Nc6 5.Bg2 a6 6.O-O Be7 7.d4 cxd4 8.Nxd4 Qc7
9.b3 O-O 10.e4 d6 11.Be3 Nxd4 12.Qxd4 Bd7 13.Rac1 Rac8 14.a4 Ng4 15.Bd2 Bf6
16.Qd3 Ne5 17.Qb1 Qb8 18.Na2 Nc6 19.Nb4 Rfe8 20.Rfd1 Be7 21.Qd3 Ne5 22.Qe2 Bc6
23.Be1 Qa7 24.Kh1 Nd7 25.f4 Nc5 26.Rb1 Red8 27.Bf2 Qb8 28.a5 b6 29.Nxc6 Rxc6
30.e5 Rcc8 31.b4 Na4 32.Qc2 b5 33.exd6 Bxd6 34.c5 Be7 35.Bd4 Rxd4 36.Rxd4 Bf6
37.Rd7 Nc3 38.Re1 Rc7 39.Qd3 Na2 40.Qd6 Rc8 41.Qxb8 Rxb8 42.c6 Rd8 43.c7  1-0

[Event "Karpos Open 2013"]
[Site "Skopje MKD"]
[Date "2013.03.11"]
[Round "4.56"]
[White "Dancevski,O"]
[Black "Glavinac,G"]
[Result "0-1"]
[WhiteElo "2395"]
[BlackElo "2159"]

1.c4 c5 2.Nf3 Nf6 3.Nc3 e6 4.d4 cxd4 5.Nxd4 a6 6.e4 Qc7 7.f4 d6 8.Be2 Be7
9.Be3 Nbd7 10.O-O O-O 11.Rc1 b6 12.Bf3 Bb7 13.Qe2 Rac8 14.b3 Qb8 15.Bf2 Rfe8
16.Kh1 Red8 17.Bg3 Qa8 18.Bf2 Nc5 19.Rce1 g6 20.f5 e5 21.fxg6 hxg6 22.Nc2 b5
23.Nd5 Bxd5 24.cxd5 a5 25.Na3 b4 26.Nc4 Rc7 27.Rc1 Qa6 28.Rc2 a4 29.Bxc5 Rxc5
30.Bg4 Kg7 31.g3 Rf8 32.Kg2 Qb5 33.Bh3 Rc7 34.Rfc1 axb3 35.axb3 Ra8 36.Kf3 Rca7
37.Ne3 Qxe2+ 38.Rxe2 Ra2 39.Rcc2 Ra1 40.Rc7 R8a7 41.Rec2 Bd8 42.Rxa7 Rxa7
43.Rc4 Nh7 44.Bg2 Ng5+ 45.Ke2 Bb6 46.h4 Nh7 47.Kd3 Ra2 48.Bf3 Bc5 49.Rc1 Rb2
50.Bd1 Nf6 51.Nc4 Rg2 52.Nxe5 Rxg3+ 53.Nf3 Ng4 54.Kc4 Ne3+ 55.Kb5 Nxd1 56.Rxd1 Rxf3
57.e5 Rc3 58.Kc6 dxe5 59.d6 Bd4+ 60.Kd7 Rxb3 61.Ke8 Bb6 62.Rf1 f5  0-1

[Event "Karpos Open 2013"]
[Site "Skopje MKD"]
[Date "2013.03.14"]
[Round "7.3"]
[White "Iturrizaga,E"]
[Black "Lupulescu,C"]
[Result "1/2-1/2"]
[WhiteElo "2650"]
[BlackElo "2614"]

1.Nf3 Nf6 2.c4 c5 3.Nc3 d5 4.cxd5 Nxd5 5.g3 Nc6 6.Bg2 g6 7.d3 Bg7 8.Bd2 O-O
9.O-O b6 10.Nxd5 Qxd5 11.Ne5 Qxe5 12.Bxc6 Bh3 13.Bc3 Qd6 14.Bxa8 Bxf1 15.Bf3  1/2-1/2

[Event "TCh-CZE Div1 Vychod 2012-13"]
[Site "Czech Republic CZE"]
[Date "2013.03.17"]
[Round "9.1"]
[White "Kanovsky,D"]
[Black "Cerveny,M"]
[Result "1-0"]
[WhiteElo "2415"]
[BlackElo "2328"]

1.c4 c5 2.Nc3 Nf6 3.Nf3 g6 4.e3 Bg7 5.d4 cxd4 6.exd4 d5 7.h3 O-O 8.Be2 a6
9.O-O dxc4 10.Bxc4 b5 11.Bb3 Bb7 12.Re1 Nbd7 13.Bg5 Nb6 14.Ne5 b4 15.Na4 Nxa4
16.Bxa4 Qd5 17.f3 Rad8 18.Be3 Qd6 19.Bf2 Nd5 20.Rc1 Rc8 21.Rc5 Nf4 22.Bb3 Bd5
23.Qc1 Rxc5 24.dxc5 Qf6 25.Ng4 Qf5 26.Ne3 Qd7 27.Nxd5 Nxd5 28.c6 Qf5 29.Bxd5 Qxd5
30.c7 Rc8 31.Rxe7 Bf6 32.Re4 Be5 33.Qc5 Qxc5 34.Bxc5 f6 35.Bb6 Bxc7 36.Bxc7 Rxc7
37.Rxb4 Rc2 38.Rb7 h5 39.h4 g5 40.hxg5 fxg5 41.Kh2 Kf8 42.Kg3 Rd2 43.a4 Kg8
44.b4 Ra2 45.a5 Ra4 46.Kh3 Kh8 47.g3 Ra3 48.Rf7 Rb3 49.Rf5 g4+ 50.fxg4 hxg4+
51.Kh4 Rxb4 52.Rf6 Kg7 53.Rxa6 Ra4 54.Kg5 Kf7 55.Ra7+ Ke6 56.a6 Ra5+ 57.Kxg4 Kf6
58.Ra8 Kg7 59.Kf4 Kh7 60.Ke4 Rg5 61.Rb8 Ra5 62.Rb6 Ra3 63.g4 Ra4+ 64.Kf5 Kg7
65.Rb7+  1-0

[Event "TCh-SUI 2013"]
[Site "Switzerland SUI"]
[Date "2013.03.17"]
[Round "1.8"]
[White "Gloor,R"]
[Black "Goldstern,F"]
[Result "1-0"]
[WhiteElo "2321"]
[BlackElo "2319"]

1.Nf3 Nf6 2.c4 c5 3.Nc3 e6 4.g3 b6 5.Bg2 Bb7 6.O-O a6 7.Re1 d6 8.e4 Nbd7
9.d4 cxd4 10.Nxd4 Qc7 11.Be3 Be7 12.f4 O-O 13.Rc1 Rac8 14.g4 Nc5 15.Bf2 Rfd8
16.g5 Ne8 17.Qd2 Qb8 18.f5 e5 19.Nc2 Rc7 20.Nb4 Bf8 21.Nbd5 Bxd5 22.Nxd5 Rb7
23.Rc3 Nd7 24.f6 Nc7 25.fxg7 Kxg7 26.Nf6 Ne6 27.Rh3 Nxf6 28.gxf6+ Kh8 29.Be3 Rdd7
30.Qf2 Nf4 31.Bxf4 exf4 32.Qxf4 Qc8 33.Ree3 Qc5 34.Kh1 Qe5 35.Rxh7+ Kxh7
36.Rh3+ Kg6 37.Rg3+ Kh7 38.Qh4+  1-0

[Event "AICF KIIT Cup 2013"]
[Site "Bhubaneswar IND"]
[Date "2013.03.20"]
[Round "5"]
[White "Mkrtchian,L"]
[Black "Gomes,Mary"]
[Result "1/2-1/2"]
[WhiteElo "2458"]
[BlackElo "2387"]

1.c4 c5 2.Nf3 Nf6 3.Nc3 g6 4.e4 d6 5.d4 cxd4 6.Nxd4 Bg7 7.Be2 O-O 8.O-O Nc6
9.Be3 Nxd4 10.Bxd4 Bd7 11.Qd2 Bc6 12.f3 Nd7 13.Be3 a6 14.Rfc1 Qb8 15.a3 b5
16.cxb5 axb5 17.Na2 Nc5 18.Nb4 Bb7 19.Bd1 Rc8 20.Bd4 Qa7 21.Qf2 Bxd4 22.Qxd4 Qa5
23.Qe3 Na4 24.Qf2 Rc7 25.Rab1 Rac8 26.Rxc7 Rxc7 27.Be2 Nb6 28.Bf1 Bc8 29.Qd4 Be6
30.e5 Nc4 31.exd6 Nxd6 32.Re1 Qa8 33.Qb6 Qc8 34.Qe3 Nf5 35.Qd2 Rd7 36.Qf2 Bc4
37.g4 Bxf1 38.gxf5 Bh3 39.fxg6 hxg6 40.Qe3 e6 41.Kf2 Qd8 42.Kg3 Bf5 43.Rc1 Rd4
44.Rc8 Qxc8 45.Qxd4 Qc1 46.Kf2 Qc7 47.Kg2 e5 48.Qe3 Qd6 49.Na2 Bd7 50.Nb4 Bf5
51.Na2 Bd7 52.Nb4 Qe6 53.Nd3 f6 54.Nc5 Qh3+ 55.Kg1 Bc6 56.Ne4 Qe6 57.Qb6 Kg7
58.Qa7+ Kh6 59.Qe3+ Kg7 60.Qa7+ Kh6 61.Qe3+ Kg7 62.Qa7+ Kh6  1/2-1/2

[Event "Nis Open 2013"]
[Site "Nis SRB"]
[Date "2013.03.21"]
[Round "1.18"]
[White "Ilic,SloS2"]
[Black "Djordjevic,Lazar"]
[Result "1/2-1/2"]
[WhiteElo "2109"]
[BlackElo "1661"]

1.c4 c5 2.Nc3 Nf6 3.Nf3 d5 4.cxd5 Nxd5 5.g3 Nc6 6.Bg2 Bg4 7.Qa4 Bxf3 8.Bxf3 e6
9.O-O Be7 10.e3 O-O 11.Nxd5 exd5 12.Qb3 Nb4 13.d3 b5 14.Qd1 Qd6 15.a3 Nc6
16.Qb3 c4 17.Qxb5 Ne5 18.Qxd5 Nxf3+ 19.Qxf3 Qxd3 20.Rd1 Qb3 21.Bd2 Qxb2 22.Qe4 Rad8
23.Be1 Rxd1 24.Rxd1 Qb3 25.Rc1 Qxa3 26.Qxc4 Qd6 27.Bc3 Qc5 28.Qe4 Bf6 29.Bb2 Qb6
30.Ba3 Rd8 31.Rc6 Qb3 32.Ra6 Qd1+ 33.Kg2 Qd7 34.h4 Re8 35.Rxa7 Rxe4 36.Rxd7 Ra4
37.Bb2 Ra2 38.Bxf6 gxf6 39.g4 Kg7 40.Kg3 Ra4 41.h5 Ra1 42.Kf4 h6 43.Rd5 Ra6
44.Kf5 Rb6 45.f4 Rb1 46.e4 Rb2 47.Rd7 Rb5+ 48.Rd5 Rb2 49.Rd6 Rb5+ 50.Rd5 Rb2
51.e5 fxe5 52.Rxe5 Rb6 53.g5 Ra6 54.Rb5 Rc6 55.Ke5 Re6+ 56.Kf5 Rc6 57.Kg4 Rc1
58.Rb3 Rf1 59.gxh6+ Kxh6 60.Rb6+ Kh7 61.Kf5 Rh1 62.Kg5 Kg7 63.h6+ Kh7 64.Rf6 Kg8
65.Rf5 Rg1+  1/2-1/2

[Event "TCh-CZE Extraliga 2012-13"]
[Site "Czech Republic CZE"]
[Date "2013.03.24"]
[Round "8.3"]
[White "Zhigalko,A"]
[Black "Kourousis,E"]
[Result "1-0"]
[WhiteElo "2601"]
[BlackElo "2354"]

1.c4 Nf6 2.Nc3 c5 3.Nf3 b6 4.e4 d6 5.d4 cxd4 6.Nxd4 Bb7 7.Qe2 g6 8.g3 Bg7
9.Bg2 O-O 10.O-O Nc6 11.Nxc6 Bxc6 12.Rd1 Nd7 13.Nd5 Re8 14.Bg5 h6 15.Be3 Kh7
16.Rd2 a5 17.Rad1 Qb8 18.h4 h5 19.Bg5 Bf8 20.b3 Nc5 21.g4 hxg4 22.Qxg4 Ne6
23.Be3 Bxd5 24.Rxd5 Ng7 25.h5 Nxh5 26.Rxh5+ gxh5 27.Qxh5+ Kg8 28.Qg4+ Kh8
29.Rd3  1-0

[Event "Norwegian Open 2013"]
[Site "Fagernes NOR"]
[Date "2013.03.24"]
[Round "4"]
[White "Hansen,TR"]
[Black "Johansen,St"]
[Result "1-0"]
[WhiteElo "2463"]
[BlackElo "2098"]

1.c4 Nf6 2.Nf3 g6 3.Nc3 c5 4.g3 Nc6 5.Bg2 Bg7 6.d4 cxd4 7.Nxd4 Nxd4 8.Qxd4 d6
9.O-O O-O 10.Qd3 Bf5 11.e4 Be6 12.Bd2 Rc8 13.b3 Nd7 14.Rac1 Nc5 15.Qe3 a5
16.Nd5 Bd7 17.Rfd1 Bc6 18.Qe2 e5 19.Be3 Bxd5 20.Rxd5 Qc7 21.Rcd1 Ne6 22.Bh3 Rcd8
23.Bxe6 fxe6 24.Rb5 Ra8 25.Bb6 Qc6 26.Bxa5 Ra6 27.Bb4 Rd8 28.a4 Bf8 29.Rxe5  1-0

[Event "Nis Open 2013"]
[Site "Nis SRB"]
[Date "2013.03.24"]
[Round "5.15"]
[White "Velickovski Nejkovic,M"]
[Black "Djordjevic,Lazar"]
[Result "1-0"]
[WhiteElo "2137"]
[BlackElo "1661"]

1.c4 Nf6 2.Nc3 c5 3.Nf3 d5 4.cxd5 Nxd5 5.g3 Nc6 6.Bg2 e6 7.O-O Be7 8.d3 Bf6
9.Ne4 b6 10.Qa4 Bd7 11.Nd6+ Ke7 12.Ne4 Rc8 13.Qa3 Ncb4 14.Nxf6 gxf6 15.Qb3 Bb5
16.Bd2 Qd7 17.a4 Ba6 18.a5 b5 19.d4 Nc6 20.dxc5 Ne5 21.Nxe5 fxe5 22.e4 Nc7
23.Bb4 Qc6 24.Rfd1 Rhd8 25.Rd6 Qa8 26.Qe3 Ne8 27.Rxa6 Rd4 28.c6+ Kf6 29.Bc3 Rc4
30.Rxa7 Qxc6 31.Qf4+ Kg6 32.Qxf7+  1-0

[Event "6th Montalvo Open"]
[Site "Las Palmas ESP"]
[Date "2013.03.25"]
[Round "1.11"]
[White "Meneses Gonzalez,K"]
[Black "Guerrero Orihuela,Jose Luis"]
[Result "1-0"]
[WhiteElo "2302"]
[BlackElo "1555"]

1.c4 Nf6 2.Nc3 c5 3.Nf3 e6 4.d4 cxd4 5.Nxd4 b6 6.Ndb5 d6 7.Bf4 e5 8.Bg5 a6
9.Bxf6 gxf6 10.Na3 Bb7 11.e4 Nd7 12.Nd5 Nc5 13.b4 Bxd5 14.Qxd5 Ne6 15.Qc6+ Ke7
16.Qb7+ Ke8 17.Qc6+ Ke7 18.Nc2 Bh6 19.Ne3 Bxe3 20.fxe3 Qc7 21.Qxc7+ Nxc7
22.Rb1 Ne6 23.Bd3 Rhg8 24.O-O Rg4 25.Be2 Rg6 26.Bh5 Rg5 27.Bf3 Rc8 28.Rbc1 Rgg8
29.Rc3 Ng5 30.Kf2 Nxf3 31.gxf3 Ke6 32.Rd1 Rc6 33.Rd2 f5 34.exf5+ Kxf5 35.Rcd3 Ke6
36.b5 Rxc4 37.Rxd6+ Ke7 38.Rd7+ Kf6 39.bxa6 Ra8 40.R2d6+ Kg7 41.Rxb6 Rc2+
42.Kg3 Rxa2 43.Rbb7 Rf8 44.a7 Ra4 45.e4 Ra1 46.Kg4 Kg6 47.Rd6+ f6 48.Rdd7 h5+
49.Kg3 Rh8 50.Rg7+ Kh6 51.Rgf7 Kg6 52.h4 Rg1+ 53.Kh2 Ra1 54.Rg7+ Kh6 55.Rg1 Rxg1
56.Kxg1 Ra8 57.Kf2 Kg6 58.Ke3 f5 59.Kd3 fxe4+ 60.fxe4 Kf6 61.Kc4 Ke6 62.Kc5  1-0

[Event "ch-Moscow 2013"]
[Site "Moscow RUS"]
[Date "2013.03.26"]
[Round "5.7"]
[White "Reshetnikov,Al"]
[Black "Moskalenko,A"]
[Result "0-1"]
[WhiteElo "2496"]
[BlackElo "2459"]

1.Nf3 Nf6 2.c4 c5 3.Nc3 d5 4.cxd5 Nxd5 5.g3 Nxc3 6.bxc3 g6 7.Bg2 Bg7 8.O-O Bd7
9.Qb3 Bc6 10.Ng5 O-O 11.Bxc6 Nxc6 12.Qxb7 Qd5 13.e4 Qd6 14.Ba3 Nb4 15.Bxb4 cxb4
16.Nf3 e6 17.e5 Qd3 18.Rfe1 bxc3 19.Re3 Qf5 20.dxc3 Rfc8 21.Nd4 Qh5 22.Nc6 Rf8
23.Rae1 Bh6 24.Rd3 Kg7 25.Kg2 Qf5 26.Rf3 Qc2 27.Qe7 Kg8 28.Nb4 Qd2 29.Re4 Bg5
30.Qb7 Rad8 31.h4 Rd7 32.Qa6 Be7 33.Nc6 Bc5 34.Qc4 Bb6 35.a4 Rc7 36.Ref4 Qd7  0-1

[Event "ch-SRB w 2013"]
[Site "Pirot SRB"]
[Date "2013.03.27"]
[Round "5"]
[White "Benderac,A"]
[Black "Rakic,Ma"]
[Result "1-0"]
[WhiteElo "2226"]
[BlackElo "2323"]

1.c4 Nf6 2.Nf3 e6 3.Nc3 c5 4.d4 cxd4 5.Nxd4 a6 6.Nc2 Bc5 7.b4 Be7 8.e4 Qc7
9.f4 d5 10.e5 Nfd7 11.Qd3 d4 12.Ne4 Nc6 13.a3 Ndxe5 14.fxe5 Qxe5 15.Be2 O-O
16.O-O f5 17.Ng3 Qc7 18.Bb2 Bf6 19.Qb3 g6 20.Bf3 e5 21.Bd5+ Kh8 22.Ne1 Ne7
23.Nd3 Nxd5 24.cxd5 b6 25.Rac1 Qd8 26.Rfe1 e4 27.Nf4 Bb7 28.Qd1 d3 29.Ne6 Qd6
30.Qd2 Bxd5 31.Nxf8 Rxf8 32.Bxf6+ Rxf6 33.Qb2 Kg8 34.Rc8+ Kf7 35.Rec1 Be6
36.R8c6 Qd8 37.Nf1 f4 38.Qe5 e3 39.Nxe3 fxe3 40.Qxe3 Bf5 41.Rxf6+ Qxf6 42.Rf1 h5
43.h3 h4 44.Re1 Qd8 45.Kh1 Qf6 46.Qe8+ Kg7 47.Qe3 Kf7 48.Kg1 Qd8 49.Kf2 Kf8
50.Qf4 Kg8 51.Qc4+ Kf8 52.Qf4 Kg8 53.Rc1 b5 54.Qe3 Qd7 55.Qf4 Qd8 56.Kf1 Qe8
57.Re1 Qd8 58.Qe3 Kf7 59.Qa7+ Kf8 60.Qc5+ Kg8 61.Qe7 Qd4 62.Qe8+ Kg7 63.Qe7+ Kg8
64.Qe5 Qc4 65.Kg1 Kf7 66.Qe7+ Kg8 67.Qe8+ Kg7 68.Qe7+ Kh6 69.Qf8+ Kh5 70.Qh8+ Kg5
71.Qd8+ Kh5 72.Qh8+ Kg5 73.Qb2 Kh5 74.Qf2 Kg5 75.Qe3+ Kh5 76.Qf3+ Kg5 77.Qe3+ Kh5
78.Rf1 Qc2 79.Rf4 d2 80.Rxh4+ Kxh4 81.Qh6+  1-0

[Event "e2e4 Dublin Masters"]
[Site "Dublin IRL"]
[Date "2013.03.28"]
[Round "1"]
[White "Arkell,K"]
[Black "Haria,R"]
[Result "1-0"]
[WhiteElo "2472"]
[BlackElo "2076"]

1.c4 Nf6 2.Nf3 e6 3.Nc3 c5 4.g3 d5 5.cxd5 exd5 6.d4 Nc6 7.Bg2 Be7 8.O-O O-O
9.Bg5 cxd4 10.Nxd4 h6 11.Be3 Re8 12.Rc1 Be6 13.Nxc6 bxc6 14.Na4 Qd7 15.Bd4 Bh3
16.Bxh3 Qxh3 17.Bxf6 Bxf6 18.Rxc6 Re5 19.f4 Re3 20.Rf2 Qd7 21.Rc2 Rae8 22.Rd2 d4
23.Nc5 Qd5 24.Nb3 R8e4 25.Qc2 Re6 26.Qc8+ Kh7 27.Qc5 Qxc5 28.Nxc5 Rd6 29.Rf1 h5
30.Kf2 Kg6 31.Rc1 Rc6 32.Nb3 Rxc1 33.Nxc1 Kf5 34.Nd3 h4 35.Ne1 hxg3+ 36.hxg3 Ke4
37.Rc2 g5 38.Rc6 Kf5 39.g4+ Kg6 40.fxg5 Kxg5 41.Nf3+ Rxf3+ 42.Kxf3  1-0

[Event "36th San Sebastian Open"]
[Site "Donostia ESP"]
[Date "2013.03.29"]
[Round "8.16"]
[White "Pogorelov,R"]
[Black "Sanchez Ruesga,H"]
[Result "1-0"]
[WhiteElo "2403"]
[BlackElo "1989"]

1.Nf3 Nf6 2.c4 c5 3.Nc3 e6 4.g3 Nc6 5.Bg2 d5 6.cxd5 Nxd5 7.O-O Be7 8.d4 O-O
9.e4 Nxc3 10.bxc3 b6 11.Bf4 cxd4 12.cxd4 Ba6 13.Re1 Nb4 14.Re3 g5 15.Nxg5 Bxg5
16.Qg4 h6 17.h4 f5 18.exf5 exf5 19.Qh5 Bxf4 20.gxf4 Qf6 21.Bxa8 Rxa8 22.Rae1 Bc4
23.Rg3+ Kh7 24.Re7+ Kh8 25.Rg6 Qxe7 26.Rxh6+ Kg8 27.Rh8+ Kg7 28.Rh7+ Kf8
29.Qh6+ Ke8 30.Rxe7+ Kxe7 31.Qg7+ Kd6 32.Qf6+ Be6 33.h5 Rg8+ 34.Kf1 Nd5 35.Qe5+ Ke7
36.h6 Nf6 37.d5  1-0

[Event "VII New Open"]
[Site "Lugano SUI"]
[Date "2013.03.30"]
[Round "3.8"]
[White "Medici,Simone"]
[Black "Salvetti,A"]
[Result "0-1"]
[WhiteElo "2099"]
[BlackElo "2226"]

1.Nf3 c5 2.c4 Nf6 3.Nc3 e6 4.e3 b6 5.b3 Bb7 6.Bb2 Be7 7.Be2 O-O 8.O-O a6
9.a3 d6 10.Qc2 Nbd7 11.Rad1 Rc8 12.Rfe1 Qc7 13.e4 Ne5 14.d3 Nfd7 15.Nb1 Bf6
16.Nbd2 Nc6 17.Bxf6 Nxf6 18.Qb2 Ne7 19.e5 dxe5 20.Nxe5 Rfd8 21.Bf3 Nf5 22.Bxb7 Qxb7
23.Ndf3 Rd6 24.b4 Qc7 25.Ng5 Rf8 26.Ngf3 h6 27.Rd2 Rfd8 28.Red1 Nd7 29.b5 Nxe5
30.Qxe5 axb5 31.cxb5 Qd7 32.Qb2 Nd4 33.Ne5 Qb7 34.f4 Rd5 35.Rf1 f6 36.Nc4 Nf5
37.Qb3 Kh7 38.Re1 Qc7 39.Re4 Nd4 40.Qb1 Ra8 41.Ra2 Qd8 42.a4 Nf5 43.Ra3 Nd4
44.a5 bxa5 45.b6 Rb8 46.Rxa5 f5 47.Re1 Qh4 48.Ra7 Qxf4 49.Qb2 Qg5 50.Rea1 f4
51.Ra8 Rxa8 52.Rxa8 f3 53.Kh1 Ne2 54.g3 Nxg3+ 55.hxg3 Qxg3  0-1

[Event "TCh-NED Meesterklasse 2012-13"]
[Site "Netherland NED"]
[Date "2013.04.06"]
[Round "8.1"]
[White "Ris,R"]
[Black "Zaragatski,I"]
[Result "1/2-1/2"]
[WhiteElo "2394"]
[BlackElo "2471"]

1.Nf3 e6 2.c4 c5 3.Nc3 Nf6 4.d4 cxd4 5.Nxd4 a6 6.g3 Qc7 7.Bg2 Qxc4 8.Be3 Nc6
9.Rc1 Qb4 10.O-O Ng4 11.Nxc6 bxc6 12.Bf4 Nf6 13.a3 Qb7 14.Bd6 Bxd6 15.Qxd6 Qb8
16.Qc5 Qa7 17.Qd6 Qb8 18.Qc5  1/2-1/2

[Event "23rd ch-SLO 2013"]
[Site "Sentjur SLO"]
[Date "2013.04.07"]
[Round "2.6"]
[White "Srebrnic,M"]
[Black "Debevec,B"]
[Result "1/2-1/2"]
[WhiteElo "2378"]
[BlackElo "2069"]

1.Nf3 Nf6 2.c4 g6 3.Nc3 c5 4.e3 Bg7 5.Be2 O-O 6.O-O d5 7.d4 cxd4 8.exd4 Nc6
9.h3 e6 10.Bg5 Qa5 11.Qc1 Re8 12.Bh6 Bh8 13.Rd1 Ne4 14.Rb1 Nxc3 15.bxc3 Qxa2
16.Re1 Qa5 17.Bd3 Qd8 18.Qf4 Bg7 19.g4 dxc4 20.Bxc4 Qf6 21.d5 Qxf4 22.Bxf4 Na5
23.Bb5 Rd8 24.Bc7 Rxd5 25.Bxa5 a6 26.c4 axb5 27.cxd5 Rxa5 28.Rec1 Ra8 29.d6 Bd7
30.Rc7 Rd8 31.Rd1 h6 32.Nd4 Bxd4 33.Rxd4 Bc6 34.Rf4 Rd7 35.h4 g5 36.hxg5 hxg5
37.Rd4 Rd8 38.f4 gxf4 39.Rxf4 Rd7 40.Kf2 e5 41.Rf5 Rxd6 42.Rfxf7 e4 43.Rg7+ Kf8
44.g5 Rd2+ 45.Ke1 Rg2 46.g6 Be8 47.Rxb7 Rxg6 48.Rh7 Kg8 49.Rhe7 Kf8 50.Rxe4 Bf7
51.Rf4 Rg7 52.Kf2 Rh7 53.Ke3 Kg8 54.Kd4 b4 55.Rxb4 Kf8 56.Rb7 Kg8 57.Rf6 Be8
58.Rb8 Re7 59.Kc5 Kg7 60.Rf2 Bf7 61.Rg2+ Kf6 62.Rb6+ Re6 63.Rb7 Re5+ 64.Kb4 Be6
65.Rf2+ Rf5 66.Rh2 Rf4+ 67.Kc3 Bf5 68.Rb6+ Kg5 69.Rh8 Kg4 70.Kd2 Rf2+ 71.Ke3 Rf3+
72.Ke2 Bd3+ 73.Ke1 Rf1+ 74.Kd2 Bf5 75.Ke2 Ra1 76.Rg8+ Kf4 77.Rb4+ Ke5 78.Rb5+ Ke6
79.Re8+ Kd7 80.Re3 Be6 81.Rb6 Ra2+ 82.Kf3 Bd5+ 83.Kf4 Bc6 84.Rc3 Rf2+ 85.Ke5 Re2+
86.Kd4 Re4+ 87.Kd3 Re6 88.Rb8 Rd6+ 89.Kc4 Bd5+ 90.Kb4 Bc6 91.Rh8 Kc7 92.Ka5 Rd5+
93.Ka6 Rd4 94.Rh7+ Rd7 95.Rh6 Rd6 96.Rh7+ Rd7 97.Rxd7+ Kxd7 98.Re3 Kd6 99.Kb6 Bd5
100.Kb5 Be6 101.Re1 Bd5 102.Kb4 Be6 103.Kc3 Ke7 104.Kd4 Kf6 105.Ke4 Bf5+
106.Kf4 Be6 107.Rh1 Bf7 108.Rh2 Bg6 109.Rh6 Kg7 110.Kg5 Bf7 111.Rh2 Bg8 112.Rd2 Be6
113.Rd8 Kf7 114.Ra8 Bd7 115.Ra6 Ke7 116.Kf4 Bb5 117.Rb6 Bd7 118.Ke5 Be8 119.Rb7+ Bd7
120.Ra7 Ke8 121.Kf6 Kd8 122.Ke5 Ke8 123.Kd6 Bf5 124.Ra5 Bg6 125.Ke6 Bf7+
126.Kf6 Bc4 127.Rc5 Bb3 128.Rc3 Ba2 129.Rd3 Bc4 130.Rd4 Bb3 131.Rb4 Ba2 132.Rb2 Bc4
133.Ke5 Kd7 134.Rd2+ Ke7 135.Rc2 Bb3 136.Rb2 Bc4 137.Rb6 Bf7 138.Rb7+ Ke8
139.Rb8+ Ke7 140.Rh8 Bg6 141.Rh1 Bd3 142.Rc1 Bg6 143.Rc7+ Kd8 144.Kd6 Bd3
145.Rc3 Be2 146.Rc2 Bd3 147.Rd2  1/2-1/2

[Event "FSGM April 2013"]
[Site "Budapest HUN"]
[Date "2013.04.12"]
[Round "6.5"]
[White "Bai,Jinshi"]
[Black "Gledura,B"]
[Result "1-0"]
[WhiteElo "2295"]
[BlackElo "2388"]

1.Nf3 Nf6 2.c4 g6 3.Nc3 c5 4.g3 Bg7 5.Bg2 O-O 6.O-O Nc6 7.d4 cxd4 8.Nxd4 Nxd4
9.Qxd4 d6 10.Qd3 Bf5 11.e4 Be6 12.b3 Rc8 13.Bb2 a6 14.Rad1 Qa5 15.Qd2 Rfe8
16.e5 dxe5 17.Bxb7 Rb8 18.Bg2 e4 19.Nxe4 Qxa2 20.Nc5 Ne4 21.Bxe4 Qxb2 22.Qxb2 Bxb2
23.Rb1 Bf6 24.Nxa6 Rb6 25.Nc7 Reb8 26.Nxe6 fxe6 27.Bc2 Bd4 28.Kg2 Bc5 29.Rfe1 Kf7
30.f4 Bb4 31.Re2 Rd8 32.Rd1 Rbd6 33.Rf1 Kf6 34.Kf3 Bc5 35.Rb1 Bb4 36.Rf1 Bc5
37.Ra1 Rd2 38.Rae1 Rxe2 39.Rxe2 Rd4 40.Re5 Bd6 41.Rb5 Ba3 42.c5 Rd5 43.b4 Rd4
44.c6 Rc4 45.Rc5  1-0

[Event "TCh-CAT Div Hon 2013"]
[Site "Catalonia ESP"]
[Date "2013.04.13"]
[Round "11.1"]
[White "Beltran Rueda,S"]
[Black "Alonso Rosell,A"]
[Result "1/2-1/2"]
[WhiteElo "2420"]
[BlackElo "2552"]

1.Nf3 Nf6 2.c4 c5 3.Nc3 d5 4.cxd5 Nxd5 5.g3 Nc6 6.Bg2 g6 7.O-O Bg7 8.Nxd5 Qxd5
9.d3 O-O 10.Be3 Bd7 11.Nd4 Qd6 12.Nxc6 Bxc6 13.Bxc6 Qxc6 14.Rc1 Qe6 15.Rxc5 Qxa2
16.b4 Rfc8 17.Ra5 Qb2 18.Rxa7 Rxa7 19.Bxa7 Qxb4  1/2-1/2

[Event "FSIM April 2013"]
[Site "Budapest HUN"]
[Date "2013.04.14"]
[Round "9.3"]
[White "To,N"]
[Black "Krumpacnik,D"]
[Result "1/2-1/2"]
[WhiteElo "2285"]
[BlackElo "2338"]

1.c4 Nf6 2.Nc3 c5 3.Nf3 b6 4.g3 Bb7 5.Bg2 g6 6.b3 Bg7 7.Bb2 O-O 8.O-O d5
9.Nxd5 Nxd5 10.Bxg7 Kxg7 11.cxd5 Qxd5 12.d4 Na6 13.Nh4 Qd7 14.dxc5 Qxd1 15.Rfxd1 Bxg2
16.Nxg2 Nxc5 17.b4 Na6 18.a3 Rfd8 19.f4 Nc7 20.Rxd8 Rxd8 21.Rc1 Ne6 22.Kf2 f5
23.Ne1 Rd7 24.Nf3 Rc7 25.Rxc7 Nxc7 26.Nd4 a6 27.Nc6 Kf7 28.Ke3 Ke6 29.Kd3 Kd6
30.Ne5 Ne6 31.e4 b5 32.Nf7+ Kd7 33.exf5 gxf5 34.Nh6 Ng7 35.Kd4 Ke6 36.Kc5 Kf6
37.Kb6 Ne6 38.Kxa6 Nd4 39.Kb6 Kg6 40.Kc5 Nc2 41.Ng8 Kf7 42.Nh6+ Kg6 43.Ng8 Kf7  1/2-1/2

[Event "ch-POL 2013"]
[Site "Chorzow POL"]
[Date "2013.04.15"]
[Round "3.10"]
[White "Orzech,D"]
[Black "Dragun,K"]
[Result "0-1"]
[WhiteElo "2379"]
[BlackElo "2492"]

1.Nf3 Nf6 2.c4 e6 3.Nc3 c5 4.g3 b6 5.Bg2 Bb7 6.O-O Be7 7.d4 cxd4 8.Qxd4 O-O
9.Bg5 h6 10.Bxf6 Bxf6 11.Qd3 Na6 12.Rfd1 Nc5 13.Qe3 Qe7 14.Ne5 Bxg2 15.Kxg2 Rfd8
16.Rac1 Rac8 17.b3 h5 18.h4 g6 19.Nf3 d6 20.Ne4 Bg7 21.Nc3 Qb7 22.Nb5 Ne4
23.Nxa7 Ra8 24.Nb5 Rxa2 25.Kg1 Bf6 26.Nd2 Nxd2 27.Rxd2 Rxd2 28.Qxd2 d5 29.Qf4 Kg7
30.Rd1 Qc6 31.Nd4 Qc5 32.Nf3 Qa3 33.Rd3 e5 34.Qe3 e4 35.Rxd5 Rxd5 36.cxd5 exf3
37.Qxf3 Qc1+ 38.Kg2 Qd2 39.Kg1 b5 40.Kg2 b4 41.e4 Be5 42.Kg1 Kf8 43.Kg2 Ke7
44.Kg1 Qc3 45.Qd1 Qa1 46.Qxa1 Bxa1 47.f4 Kd6 48.Kf2 Bd4+ 49.Kf3 f5  0-1